Normal view
MARC view
- English poetry-Poésie Anglaise -- Anthologies
Entry Topical Term
001 - CONTROL NUMBER
- control field: 6034
003 - CONTROL NUMBER IDENTIFIER
- control field: JO-AjAnu
005 - DATE AND TIME OF LATEST TRANSACTION
- control field: 20230606071259.0
008 - FIXED-LENGTH DATA ELEMENTS
- fixed length control field: 230606|| aca||aabn | a|a d
040 ## - CATALOGING SOURCE
- Original cataloging agency: JO-AjAnu
- Transcribing agency: JO-AjAnu
150 ## - HEADING--TOPICAL TERM
- Topical term or geographic name entry element: English poetry-Poésie Anglaise -- Anthologies
670 ## - SOURCE DATA FOUND
- Source citation: Work cat.: (JO-AjAnu)3127: Jain, Nalini and John Richardson, author 6033, Eighteenth- Century ENGLISH Poetry: the Annotated Anthology